LEADER 00989nam0 2200277 4500 001 000028330 005 20110908160426.0 010 $a978-88-7192-322-2 100 $a20110908d2007----km-y0itay50------ba 101 1 $aita 102 $aIT 105 $ay-------001yy 200 1 $aFondamenti di bioinformatica$fDan E. Krane, Michael L. Raymer$ged. italiana a cura di Eugenia Polverini 210 $a[Torino]$cPearson Paravia Bruno Mondadori$d2007 215 $aXIII, 322 p.$d24 cm 500 10$aFundamentals concepts of bioinformatics$m$942088 610 1 $aBioinformatica 676 $a572.80285$v21$9Genetica biochimica. Elaborazione dei dati 700 1$aKrane,$bDan E.$4070$0601493 701 1$aRaymer,$bMichael L.$4070$0304757 702 1$aPolverini,$bEugenia 801 0$aIT$bUNIPARTHENOPE$c20110908$gRICA$2UNIMARC 912 $a000028330 951 $aP1 572-F/1$b43122$cPIST$d2011 996 $aFundamentals concepts of bioinformatics$942088 997 $aUNIPARTHENOPE LEADER 01042cam2 22002771 450 001 SOBE00071610 005 20220517130510.0 100 $a20220517f0000 |||||ita|0103 ba 101 $aita 102 $aIT 200 1 $a<<2: Il >>poeta dell'infinito$fEttore Cozzani 205 $a2. ed. 210 $aMilano$cL'eroica$d[19..?] 215 $a166 p.$d19 cm 461 1$1001SOBE00071453$12001 $aLeopardi / Ettore Cozzani$v2 500 10$a<>poeta dell'infinito$3SOBA00023871$92840946 700 1$aCozzani$b, Ettore$3A600200025456$4070$0179709 801 0$aIT$bUNISOB$c20220517$gRICA 850 $aUNISOB 852 $aUNISOB$jSaggi|F$m176279 912 $aSOBE00071610 940 $aM 102 Monografia moderna SBN 941 $aM 957 $xFondo|Leopardiano$aSaggi|F$b000124$i-2$gCON$d176279$n20220512$hFondoLeopardiano$rdono$1catenaccif$2UNISOB$3UNISOB$420220517130429.0$520220517130510.0$6catenaccif$fPer le modalità di consultazione vedi home page Biblioteca link Fondi 996 $aPoeta dell'infinito$92840946 997 $aUNISOB